000 00416nam a2200169Ia 4500
005 20260330110332.0
008 260330s9999||||xx |||||||||||||| ||und||
020 _a9789588727721
041 _aspa
100 _aLow,Amaliia
245 0 _aEl Elefante Flaco Y La Jirafa Gorda /
_cAmaliia Low
250 _a1 ed.
260 _aBogota :
_bEditora Geminis.
_c2013
300 _a27 p.
650 _aCUENTO
942 _cBKL
999 _c145
_d145